Countries with Most Freshwater - Statistics

General Stats
  • This quiz has been taken 129 times
  • The average score is 11 of 14
Answer Stats
# Country % Correct
2,840 China
99%
3,069 United States
98%
8,233 Brazil
97%
2,902 Canada
96%
4,508 Russia
96%
1,911 India
84%
2,132 Colombia
79%
1,283 D.R. Congo
77%
1,913 Peru
73%
2,019 Indonesia
72%
1,233 Venezuela
71%
950 Nigeria
52%
1,168 Myanmar
42%
1,227 Bangladesh
38%
No matching quizzes found
Score Distribution
Percent of People with Each Score
Percentile by Number Answered
Your Score History
You have not taken this quiz